Stratégia samosprávnych územných celkov
Gespeichert in:
| 1. Verfasser: | |
|---|---|
| Körperschaft: | |
| Weitere Verfasser: | |
| Format: | Buch |
| Sprache: | Slowakisch |
| Veröffentlicht: |
Bratislava
EU
1992
|
| Ausgabe: | 1. vyd. |
| Schlagworte: | |
| Tags: |
Keine Tags, Fügen Sie das erste Tag hinzu!
|
MARC
| LEADER | 00000nam a2200000 4500 | ||
|---|---|---|---|
| 001 | c001338 | ||
| 005 | 20221214090645.9 | ||
| 020 | |a 80-225-0370-3 | ||
| 041 | 0 | |a slo | |
| 044 | |a SK | ||
| 245 | 1 | 0 | |a Stratégia samosprávnych územných celkov |c Marta Hamalová, Elena Žárska |
| 250 | |a 1. vyd. | ||
| 264 | 1 | |a Bratislava |b EU |c 1992 | |
| 300 | |a 84 s. | ||
| 610 | 2 | 0 | |a samospráva |
| 610 | 2 | 0 | |a regióny |
| 610 | 2 | 0 | |a politika regionálna |
| 610 | 2 | 0 | |a stratégia hospodárska |
| 610 | 2 | 0 | |a správa miestna |
| 610 | 2 | 0 | |a Európa |
| 610 | 2 | 0 | |a Slovensko |
| 610 | 2 | 0 | |a legislatíva |
| 610 | 2 | 0 | |a správa štátna |
| 610 | 2 | 0 | |a obce |
| 610 | 2 | 0 | |a podnikanie |
| 610 | 2 | 0 | |a regulácia |
| 610 | 2 | 0 | |a organizácie medzinárodné |
| 610 | 2 | 0 | |a modely |
| 610 | 2 | 0 | |a štruktúra organizačná |
| 610 | 2 | 0 | |a ekonomika priestorová |
| 100 | 1 | |a Hamalová, Marta | |
| 700 | 1 | |a Žárska, Elena, 1955- | |
| 710 | 2 | |a Ekonomická univerzita v Bratislave. Národohospodárska fakulta | |